000 00524nam a2200217Ia 4500
003 0100
008 130303s9999 xx 000 0 und d
020 _a521392438
040 _cARRUPELIB
050 _aJC153.H659L56 1992
100 _aLloyd, S.A
245 _aIdeals as interests in Hobbes's Leviathan
245 _bthe power of mind over matter
260 _aEngland
260 _bCambridge University Press
260 _C1992
300 _axi
300 _b 396p. 24cm
700 _aS.A Lloyd
942 0 0 _02
999 _c13192
_d13192